<?xml version="1.0" encoding="UTF-8"?>
<record
    xmlns:xsi="http://www.w3.org/2001/XMLSchema-instance"
    xsi:schemaLocation="http://www.loc.gov/MARC21/slim http://www.loc.gov/standards/marcxml/schema/MARC21slim.xsd"
    xmlns="http://www.loc.gov/MARC21/slim">

  <leader>03818nam a2200565Ia 4500</leader>
  <controlfield tag="001">336</controlfield>
  <controlfield tag="008">241029s9999    xx            000 0 und d</controlfield>
  <datafield tag="010" ind1=" " ind2=" ">
    <subfield code="a">304</subfield>
  </datafield>
  <datafield tag="041" ind1=" " ind2=" ">
    <subfield code="a">Espa&#xF1;ol</subfield>
  </datafield>
  <datafield tag="082" ind1=" " ind2=" ">
    <subfield code="a">NO APLICA</subfield>
  </datafield>
  <datafield tag="245" ind1=" " ind2="0">
    <subfield code="a">Incidencia del acompa&#xF1;amiento del Distrito Escolar 10-03 en la calidad de la gesti&#xF3;n en el Liceo San Vicente de Pa&#xFA;l, durante el A&#xF1;o Escolar 2011-2012</subfield>
  </datafield>
  <datafield tag="260" ind1=" " ind2=" ">
    <subfield code="a">Santo Domingo</subfield>
  </datafield>
  <datafield tag="300" ind1=" " ind2=" ">
    <subfield code="a">109</subfield>
  </datafield>
  <datafield tag="520" ind1=" " ind2=" ">
    <subfield code="a">9</subfield>
  </datafield>
  <datafield tag="630" ind1=" " ind2=" ">
    <subfield code="a">Calidad Educativa</subfield>
  </datafield>
  <datafield tag="630" ind1=" " ind2=" ">
    <subfield code="a">Estrategia</subfield>
  </datafield>
  <datafield tag="630" ind1=" " ind2=" ">
    <subfield code="a">Gesti&#xF3;n</subfield>
  </datafield>
  <datafield tag="630" ind1=" " ind2=" ">
    <subfield code="a">Pr&#xE1;ctica Docente</subfield>
  </datafield>
  <datafield tag="650" ind1=" " ind2=" ">
    <subfield code="a">Gesti&#xF3;n Educativa</subfield>
  </datafield>
  <datafield tag="690" ind1=" " ind2=" ">
    <subfield code="a">Elaborado</subfield>
  </datafield>
  <datafield tag="700" ind1=" " ind2=" ">
    <subfield code="e">asesor</subfield>
    <subfield code="a">Adames , Adalberto </subfield>
  </datafield>
  <datafield tag="700" ind1=" " ind2=" ">
    <subfield code="e">autor</subfield>
    <subfield code="a">Inoa Pilta , Ursulina </subfield>
  </datafield>
  <datafield tag="700" ind1=" " ind2=" ">
    <subfield code="e">autor</subfield>
    <subfield code="a">Rosario Rosario , Juana de Jes&#xFA;s </subfield>
  </datafield>
  <datafield tag="901" ind1=" " ind2=" ">
    <subfield code="a">{"1":"Inoa Pilta ","2":"Rosario Rosario "}</subfield>
    <subfield code="b">{"1":"Ursulina ","2":"Juana de Jes&#xFA;s "}</subfield>
  </datafield>
  <datafield tag="902" ind1=" " ind2=" ">
    <subfield code="a">1</subfield>
  </datafield>
  <datafield tag="903" ind1=" " ind2=" ">
    <subfield code="a">{"1":"Adames "}</subfield>
    <subfield code="b">{"1":"Adalberto "}</subfield>
  </datafield>
  <datafield tag="904" ind1=" " ind2=" ">
    <subfield code="a">Mag&#xED;ster en</subfield>
  </datafield>
  <datafield tag="905" ind1=" " ind2=" ">
    <subfield code="a">Ciencias de la Educaci&#xF3;n</subfield>
  </datafield>
  <datafield tag="906" ind1=" " ind2=" ">
    <subfield code="a">1</subfield>
  </datafield>
  <datafield tag="907" ind1=" " ind2=" ">
    <subfield code="a">Menci&#xF3;n en</subfield>
  </datafield>
  <datafield tag="908" ind1=" " ind2=" ">
    <subfield code="a">Gesti&#xF3;n de Centros</subfield>
  </datafield>
  <datafield tag="909" ind1=" " ind2=" ">
    <subfield code="a">Universidad Abierta para Adultos (UAPA), Recinto Santo Domingo Oriental</subfield>
  </datafield>
  <datafield tag="910" ind1=" " ind2=" ">
    <subfield code="a">NULL</subfield>
    <subfield code="b">NULL</subfield>
  </datafield>
  <datafield tag="911" ind1=" " ind2=" ">
    <subfield code="a">["1"]</subfield>
  </datafield>
  <datafield tag="912" ind1=" " ind2=" ">
    <subfield code="a">NO APLICA</subfield>
  </datafield>
  <datafield tag="913" ind1=" " ind2=" ">
    <subfield code="a">NULL</subfield>
  </datafield>
  <datafield tag="914" ind1=" " ind2=" ">
    <subfield code="a">01 de Agosto de 2012</subfield>
  </datafield>
  <datafield tag="915" ind1=" " ind2=" ">
    <subfield code="a">20/07/15 01:07</subfield>
  </datafield>
  <datafield tag="916" ind1=" " ind2=" ">
    <subfield code="a">NULL</subfield>
  </datafield>
  <datafield tag="917" ind1=" " ind2=" ">
    <subfield code="a">NULL</subfield>
  </datafield>
  <datafield tag="918" ind1=" " ind2=" ">
    <subfield code="a">NO APLICA</subfield>
  </datafield>
  <datafield tag="919" ind1=" " ind2=" ">
    <subfield code="a">["29","92","111","162"]</subfield>
  </datafield>
  <datafield tag="520" ind1=" " ind2=" ">
    <subfield code="a">&#xA0;Los objetivos principales de este estudio consistieron en determinar la incidencia del acompa&#xF1;amiento del Distrito Escolar 10-03 en la calidad de la gesti&#xF3;n, en el LIceo San Vicente de Pa&#xFA;l, durante el a&#xF1;o escolar 2011-2012, identificar las estrategias implementadas porlas autoridades del Distrito 10-03 e indicar como valoran los estudiantes laspr&#xE1;ctica pedag&#xF3;gica de los docentes de dicho Liceo, despu&#xE9;s de ser acompa&#xF1;ados.La metodolog&#xED;a utilizadas fue exploratoria y descriptiva &#xA0;se fundament&#xF3;en la encuesta y la entrevista y como instrumento se utiliz&#xF3; el cuestionario,la encuesta, la entrevista y el an&#xE1;lisis.&#xA0;Se trabajo con una poblaci&#xF3;n de 4 acompa&#xF1;antes pedag&#xF3;gicos, 17 docentes, 7 gestores y 506 estudiantes y como muestra se tom&#xF3; 218 estudiantes&#xA0; y la totalidad de acompa&#xF1;antes, docentes y gestores.El estudio concluy&#xF3; que las estrategias utilizadas para llevar a cabo el acompa&#xF1;amiento seg&#xFA;n los t&#xE9;cnicos y gestores entrevistados son: socializar con todos los docentes, observaci&#xF3;n &#xE1;ulica, grupo de reflexi&#xF3;n, la utilizaci&#xF3;n de matrices, conversaci&#xF3;n,negociaci&#xF3;n, encuentros con los padres, acompa&#xF1;amiento a los docentes,socializaci&#xF3;n con los coordinadores sobre el desempe&#xF1;o de los docentes yconvocar jornadas de motivaci&#xF3;n para la mejora de la pr&#xE1;ctica pedag&#xF3;gica.&#xA0;Tambi&#xE9;n que los docentes han cambiado su forma de impartir clase, planifican, tratan que las clases sean m&#xE1;sdin&#xE1;micas y promueven la participaci&#xF3;n activa de los estudiantes, sin embargoun por ciento m&#xE1;s bajo expres&#xF3; que los docentes cambian su pr&#xE1;ctica pedag&#xF3;gica y vuelven a ser rutinarios.El estudio recomend&#xF3; que el Distrito Educativo 10-03 debe dar seguimiento continuo a la pr&#xE1;ctica docente de forma m&#xE1;s eficiente, a fin de confirmar si realmente todos los docentes est&#xE1;n poniendo en pr&#xE1;ctica lo aprendido en las comunidades de aprendizaje, que deben incentivar la formaci&#xF3;n profesional de los t&#xE9;cnicos distritales, ya que se evidencia que los docentes muestran m&#xE1;s empe&#xF1;o en cursar estudios superiores ya la gesti&#xF3;n del centro debe elaborar un plan de mejora y de control que logre un mayor empoderamiento de los docentes, en la urgente necesidad de introducir cambios en su pr&#xE1;ctica diaria.&#xA0;</subfield>
  </datafield>
  <datafield tag="921" ind1=" " ind2=" ">
    <subfield code="a">16</subfield>
  </datafield>
  <datafield tag="922" ind1=" " ind2=" ">
    <subfield code="a">16</subfield>
  </datafield>
  <datafield tag="923" ind1=" " ind2=" ">
    <subfield code="a">0</subfield>
  </datafield>
  <datafield tag="924" ind1=" " ind2=" ">
    <subfield code="a">NO APLICA</subfield>
  </datafield>
  <datafield tag="942" ind1=" " ind2=" ">
    <subfield code="c">Tesis</subfield>
  </datafield>
  <datafield tag="999" ind1=" " ind2=" ">
    <subfield code="c">304</subfield>
    <subfield code="d">304</subfield>
  </datafield>
</record>
